00283pab a2200121 454500008004000000100001600040245003800056260000900094300001100103362001200114650002200126773001300148180718b2004 xxu||||| |||| 00| 0 eng d aGupta, J.K. aApproaching good urban governance c2004 ap.1-6. aApr-Jun aUrban development aNagarlok